The Tanzania Stock Exchange and Capital Market Initiative: A Seminar on tthe Role of Accountants and Auditors in the Stock Exchange Environment (Record no. 15609)
[ view plain ]
| 000 -LEADER | |
|---|---|
| fixed length control field | 00670nam a22001937a 4500 |
| 003 - CONTROL NUMBER IDENTIFIER | |
| control field | OSt |
| 005 - DATE AND TIME OF LATEST TRANSACTION | |
| control field | 20220819103135.0 |
| 008 - FIXED-LENGTH DATA ELEMENTS--GENERAL INFORMATION | |
| fixed length control field | 220819b |||||||| |||| 00| 0 eng d |
| 020 ## - INTERNATIONAL STANDARD BOOK NUMBER | |
| International Standard Book Number | 9976780044 |
| 040 ## - CATALOGING SOURCE | |
| Transcribing agency | IFM Library |
| 082 ## - DEWEY DECIMAL CLASSIFICATION NUMBER | |
| Classification number | 332.642 |
| 110 ## - MAIN ENTRY--CORPORATE NAME | |
| Corporate name or jurisdiction name as entry element | The National Board of Accountants and Auditors (NBAA) |
| 245 ## - TITLE STATEMENT | |
| Title | The Tanzania Stock Exchange and Capital Market Initiative: A Seminar on tthe Role of Accountants and Auditors in the Stock Exchange Environment |
| 260 ## - PUBLICATION, DISTRIBUTION, ETC. | |
| Place of publication, distribution, etc. | Dar es Salaam: |
| Name of publisher, distributor, etc. | National Board of Accountants and Auditors (NBAA) |
| Date of publication, distribution, etc. | 1993 |
| 300 ## - PHYSICAL DESCRIPTION | |
| Extent | iv, 66p.: ill.; 25cm |
| 490 ## - SERIES STATEMENT | |
| Series statement | Vol. II |
| 650 ## - SUBJECT ADDED ENTRY--TOPICAL TERM | |
| Topical term or geographic name entry element | STOCK EXCHANGE |
| 942 ## - ADDED ENTRY ELEMENTS (KOHA) | |
| Koha item type | Books |
| Source of classification or shelving scheme | Dewey Decimal Classification |
| Suppress in OPAC | No |
| Withdrawn status | Lost status | Source of classification or shelving scheme | Damaged status | Not for loan | Collection code | Home library | Current library | Shelving location | Date acquired | Source of acquisition | Full call number | Barcode | Date last seen | Price effective from | Koha item type | Total Checkouts |
|---|---|---|---|---|---|---|---|---|---|---|---|---|---|---|---|---|
| Dewey Decimal Classification | Non-fiction | IFM Main Campus Library | IFM Main Campus Library | Stack Collection | 08/19/2022 | Purchase | 332.642TAN | 0000014643 | 03/11/2016 | 02/19/2022 | Books | |||||
| Dewey Decimal Classification | Non-fiction | IFM Main Campus Library | IFM Main Campus Library | Stack Collection | 08/19/2022 | Purchase | 332.642TAN | 0000014540 | 08/19/2022 | 02/19/2022 | Books |
